Words in time : a social history of the English vocabulary

Bibliographic Details
Main Author: Hughes, Geoffrey , 1939- (Author)
Format: Book
Published: Oxford ; New York : Basil Blackwell , 1988
Subjects:

MARC

LEADER 00000cam a2200000 7i4500
001 0000008703
005 20180109093000.0
008 021119n
020 |a 0631158324 
090 0 0 |a PE1571   |b .H84 1988 
100 0 |a Hughes, Geoffrey ,   |d 1939- ,   |e author 
245 0 0 |a Words in time :   |b a social history of the English vocabulary   |c Geoffrey Hughes 
260 2 |a Oxford ;   |a New York :   |b Basil Blackwell ,   |c 1988 
300 |a 270 p. ; ;   |c 24 cm. 
504 |a Includes bibliography (p. 254-261) and index 
650 0 |a English language   |x Etymology 
650 0 |a English language   |x History 
650 0 |a English language   |x Lexicology 
650 0 |a English language   |x Social aspects 
999 |a 1000041320   |b Book   |c OPEN SHELF (30 DAYS)   |e Gong Badak Campus